|
|
|
|
| LEADER |
02156nam a2200517 i 4500 |
| 001 |
001805371 |
| 003 |
CZ BrMZK |
| 005 |
20220330093953.0 |
| 007 |
ta |
| 008 |
211110t19881988au f 001 0dger |
| 020 |
|
|
|a 3-222-11800-0
|
| 040 |
|
|
|a BOA001
|b cze
|e rda
|
| 043 |
|
|
|a e------
|
| 044 |
|
|
|a au
|a gw
|
| 045 |
|
|
|a w-x-
|
| 072 |
|
7 |
|a 14
|x Filozofické systémy a hlediska
|2 Konspekt
|9 5
|
| 080 |
|
|
|a 14:27
|2 MRF
|
| 080 |
|
|
|a 27-335
|2 MRF
|
| 080 |
|
|
|a 141.319
|2 MRF
|
| 080 |
|
|
|a (4)
|2 MRF
|
| 080 |
|
|
|a (048.8:082)
|2 MRF
|
| 245 |
0 |
0 |
|a Christliche Philosophie im katholischen Denken des 19. und 20. Jahrhunderts.
|n Band 2,
|p Rückgriff auf scholastisches Erbe /
|c herausgegeben von Emerich Coreth, Walter M. Neidl, Georg Pfligersdorffer ; Redaktion Heinrich M. Schmidinger unter Mitarbeit Bernhard Braun, Victoria Pölzleitner, Eva-Maria Schwaimhofer
|
| 246 |
3 |
0 |
|a Rückgriff auf scholastisches Erbe
|
| 264 |
|
1 |
|a Gratz ;
|a Wien ;
|a Köln :
|b Styria,
|c [1988]
|
| 264 |
|
4 |
|c ©1988
|
| 300 |
|
|
|a 870 stran ;
|c 24 cm
|
| 336 |
|
|
|a text
|b txt
|2 rdacontent
|
| 337 |
|
|
|a bez média
|b n
|2 rdamedia
|
| 338 |
|
|
|a svazek
|b nc
|2 rdacarrier
|
| 504 |
|
|
|a Obsahuje bibliografii, bibliografické odkazy a rejstřík
|
| 648 |
|
7 |
|a 19.-20. století
|7 ch757015
|2 czenas
|
| 650 |
0 |
7 |
|a křesťanská filozofie
|7 ph138449
|z Evropa
|y 19.-20. století
|2 czenas
|
| 650 |
0 |
7 |
|a křesťanští filozofové
|7 ph122142
|z Evropa
|y 19.-20. století
|2 czenas
|
| 650 |
0 |
7 |
|a novoscholastika
|7 ph137508
|z Evropa
|y 19.-20. století
|2 czenas
|
| 655 |
|
7 |
|a kolektivní monografie
|7 fd501537
|2 czenas
|
| 700 |
1 |
|
|a Coreth, Emerich,
|d 1919-2006
|7 jo20000076523
|4 edt
|
| 700 |
1 |
|
|a Neidl, Walter M.,
|d 1930-2014
|7 mzk20221136141
|4 edt
|
| 700 |
1 |
|
|a Pfligersdorffer, Georg,
|d 1916-2005
|7 mzk2012733383
|4 edt
|
| 700 |
1 |
|
|a Schmidinger, Heinrich,
|d 1954-
|7 pna2005261904
|4 edt
|
| 700 |
1 |
|
|a Braun, Bernhard,
|d 1955-
|7 jo2013755983
|4 edt
|
| 700 |
1 |
|
|a Pölzleitner, Victoria
|4 edt
|
| 700 |
1 |
|
|a Schwaimhofer, Eva-Maria
|4 edt
|
| 910 |
|
|
|a BOA001
|b 2-1476.333,2
|
| 990 |
|
|
|a BK
|
| 991 |
|
|
|b 202203
|c NOV
|
| 996 |
6 |
|
|b 2610885874
|c 2-1476.333,2
|l MZK
|r HSS 4p
|n 0
|p dar
|h 14 CHR
|w 001869022
|u 000010
|a 0
|e BOA001
|j MZK50
|s P
|